Normal view
MARC view
- DANISH,KAMRAN,ZAIN
Entry Personal Name
001 - CONTROL NUMBER
- control field: 71980
003 - CONTROL NUMBER IDENTIFIER
- control field: NUST
005 - DATE AND TIME OF LATEST TRANSACTION
- control field: 20210628204725.0
008 - FIXED-LENGTH DATA ELEMENTS
- fixed length control field: 210628|| aca||aabn | a|a d
040 ## - CATALOGING SOURCE
- Original cataloging agency: NUST
- Transcribing agency: NUST
100 ## - HEADING--PERSONAL NAME
- Personal name: DANISH,KAMRAN,ZAIN
670 ## - SOURCE DATA FOUND
- Source citation: Work cat.: (NUST): DANISH,KAMRAN,ZAIN, PR-SOF-1254-DEVELOPMENT OF A RECUPERATING HEAT EXCHANGER FOR ITTEHAD STEEL MILLS, 2013
